Statistics for Chem Honors Elements

Click here to take the quiz!

General Stats

  • This quiz has been taken 12 times
  • The average score is 41 of 50

Answer Stats

HintAnswer% Correct
MgMagnesium
100%
OOxygen
100%
RaRadium
100%
ZnZinc
100%
AlAluminum
88%
ArArgon
88%
BeBeryllium
88%
BBoron
88%
CaCalcium
88%
CuCopper
88%
GaGallium
88%
AuGold
88%
HeHelium
88%
HHydrogen
88%
IIodine
88%
FeIron
88%
KrKrypton
88%
PbLead
88%
LiLithium
88%
MnManganese
88%
HgMercury
88%
NeNeon
88%
NiNickel
88%
NNitrogen
88%
AgSilver
88%
NaSodium
88%
WTungsten
88%
UUranium
88%
XeXenon
88%
AsArsenic
75%
BaBarium
75%
BrBromine
75%
CCarbon
75%
CsCesium
75%
ClChlorine
75%
CoCobalt
75%
FFluorine
75%
FrFrancium
75%
PPhosphorus
75%
KPotassium
75%
RnRadon
75%
SSulfur
75%
SnTin
75%
SbAntimony
63%
CrChromium
63%
PtPlatinum
63%
RbRubidium
63%
SeSelenium
63%
SiSilicon
63%
SrStrontium
63%

Score Distribution

Percentile by Number Answered

Percent of People with Each Score

Your Score History

You have not taken this quiz